|
|
|
|
| LEADER |
00000nam0a2200000 4500 |
| 001 |
258568 |
| 005 |
20231101233317.0 |
| 035 |
|
|
|a (RuTPU)RU\TPU\book\281441
|
| 090 |
|
|
|a 258568
|
| 100 |
|
|
|a 20140425d1987 m y0rusy50 ca
|
| 101 |
0 |
|
|a rus
|
| 102 |
|
|
|a RU
|
| 105 |
|
|
|a a j 001zy
|
| 200 |
1 |
|
|a Программирование для микро-ЭВМ "Электроника-60"
|e учебное пособие
|f Н. С. Рузанова, Я. Е. Штивельман
|g Петрозаводский государственный университет (ПетрГУ)
|
| 210 |
|
|
|a Петрозаводск
|c Изд-во ПГУ
|d 1987
|
| 215 |
|
|
|a 92 с.
|c ил.
|
| 320 |
|
|
|a Библиогр.: с. 90.
|
| 606 |
1 |
|
|a Программирование
|2 stltpush
|3 (RuTPU)RU\TPU\subj\51780
|9 70345
|
| 610 |
1 |
|
|a микро-ЭВМ
|
| 610 |
1 |
|
|a учебные пособия
|
| 610 |
1 |
|
|a алгоритмы
|
| 610 |
1 |
|
|a программы
|
| 610 |
1 |
|
|a Бейсик
|
| 610 |
1 |
|
|a операторы
|
| 610 |
1 |
|
|a технические средства
|
| 675 |
|
|
|a 681.3.06(075)
|v 3
|
| 700 |
|
1 |
|a Рузанова
|b Н. С.
|g Наталья Сократовна
|
| 701 |
|
1 |
|a Штивельман
|b Я. Е.
|g Яков Ефимович
|
| 712 |
0 |
2 |
|a Петрозаводский государственный университет (ПетрГУ)
|2 stltpush
|3 (RuTPU)RU\TPU\col\1601
|
| 801 |
|
1 |
|a RU
|b 63413507
|c 20140425
|
| 801 |
|
2 |
|a RU
|b 63413507
|c 20141212
|g RCR
|
| 942 |
|
|
|c BK
|